| 000 | 01198nam a22002537a 4500 | ||
|---|---|---|---|
| 005 | 20170124102951.0 | ||
| 010 | _aA-504515 | ||
| 020 | _c35.00 | ||
| 035 | _aA-504515 | ||
| 037 | _bCen Lib/Ret | ||
| 040 |
_aDPL _bHN |
||
| 082 |
_a821 _bरामाय |
||
| 245 |
_aरामायण : _cसम्पादक चिरंजीलाल यादव _bतुलसीदास कृत रामचरितमानस का हिन्दी रूपांतर / |
||
| 246 |
_aRamayan : Tulsidas krit Ramcharitmanas ka hindi roopantar / _bedited by Chiranjilal Yadav |
||
| 260 |
_aदिल्ली _bसाहित्य केन्द्र प्रकाशन _c1991 |
||
| 270 |
_aई-5/20, कृष्ण नगर _bदिल्ली _e110051 |
||
| 300 |
_a112पृ. _c17सेमी (सजिल्द) |
||
| 650 |
_aहिन्दी -- रामायण _951469 |
||
| 650 |
_aरामायण -- अयोध्या कांड _946022 |
||
| 650 |
_aHindi -- Ramayana _951470 |
||
| 650 |
_aRamayana - Ayodhya case _951471 |
||
| 700 |
_aयादव, चिरंजीलाल _942810 |
||
| 942 |
_2ddc _cHN _h821 _mरामाय |
||
| 999 |
_c113280 _d113280 |
||